Administrative environment: a bunch of case studies (Record no. 475649)
[ view plain ]
| 000 -LEADER | |
|---|---|
| fixed length control field | 00512cam a22001457a 4500 |
| 008 - FIXED-LENGTH DATA ELEMENTS--GENERAL INFORMATION | |
| fixed length control field | 180718b1979 xxu||||| |||| 00| 0 eng d |
| 082 ## - DEWEY DECIMAL CLASSIFICATION NUMBER | |
| Classification number | I5516x54 In2a |
| 100 ## - MAIN ENTRY--PERSONAL NAME | |
| Personal name | Indian Institute of Public Administration |
| 245 ## - TITLE STATEMENT | |
| Title | Administrative environment: a bunch of case studies |
| 260 ## - PUBLICATION, DISTRIBUTION, ETC. | |
| Place of publication, distribution, etc. | New Delhi |
| Name of publisher, distributor, etc. | Indian Institute of Public Administration |
| Date of publication, distribution, etc. | 1979 |
| 300 ## - PHYSICAL DESCRIPTION | |
| Extent | 237p. |
| 440 ## - SERIES STATEMENT/ADDED ENTRY--TITLE | |
| Title | Case studies: new Series, vol.6 |
| 650 ## - SUBJECT ADDED ENTRY--TOPICAL TERM | |
| Topical term or geographic name entry element | Municipal Government - India |
| 650 ## - SUBJECT ADDED ENTRY--TOPICAL TERM | |
| Topical term or geographic name entry element | Public Administration Case Studies India |
| Withdrawn status | Lost status | Damaged status | Not for loan | Permanent Location | Current Location | Date acquired | Full call number | Barcode | Date last seen | Price effective from | Koha item type | Source of classification or shelving scheme |
|---|---|---|---|---|---|---|---|---|---|---|---|---|
| Indian Institute of Public Administration | Indian Institute of Public Administration | 2018-08-04 | I5516x54 In2a | GR18091 | 2018-08-04 | 2018-08-04 | GR | |||||
| Indian Institute of Public Administration | Indian Institute of Public Administration | 2018-08-04 | I5516x54 In2a | GR10306 | 2018-08-04 | 2018-08-04 | GR | |||||
| Indian Institute of Public Administration | Indian Institute of Public Administration | 2018-08-04 | I5516x54 In2a | GR10305 | 2018-08-04 | 2018-08-04 | GR | |||||
| Indian Institute of Public Administration | Indian Institute of Public Administration | 2018-08-04 | I5516x54 In2a | GR10304 | 2018-08-04 | 2018-08-04 | GR | |||||
| Indian Institute of Public Administration | Indian Institute of Public Administration | 2018-08-04 | I5516x54 In2a | GR10303 | 2018-08-04 | 2018-08-04 | GR | |||||
| Indian Institute of Public Administration | Indian Institute of Public Administration | 2019-09-14 | I5516x54 In2a | GR21642 | 2019-09-14 | 2019-09-14 | GR |
